El psicoanalismo (Record no. 41336)

MARC details
000 -LEADER
campo de control de longitud fija 00707nam a2200217 i 4500
001 - NÚMERO DE CONTROL
campo de control 41336
003 - IDENTIFICADOR DE NÚMERO DE CONTROL
campo de control ES-MaACL
007 - CAMPO FIJO DE DESCRIPCIÓN FÍSICA--INFORMACIÓN GENERAL
campo de control de longitud fija t|
008 - DATOS DE LONGITUD FIJA--INFORMACIÓN GENERAL
campo de control de longitud fija 030310s1980 mx ||||1| spa d
020 ## - NÚMERO INTERNACIONAL ESTÁNDAR DEL LIBRO
Número Internacional Estándar del Libro 968-23-0558-6
100 1# - ENTRADA PRINCIPAL--NOMBRE DE PERSONA
Nombre de persona Castel, Robert.
9 (RLIN) 36470
245 13 - MENCIÓN DEL TÍTULO
Título El psicoanalismo
Resto del título : el orden psicoanalítico y el poder /
Mención de responsabilidad, etc. Robert Castel ; [traducción de Daniel R. Wagner].
250 ## - MENCION DE EDICION
Mención de edición [1ª ed.].
260 ## - PUBLICACIÓN, DISTRIBUCIÓN, ETC.
Lugar de publicación, distribución, etc. México, etc. :
Nombre del editor, distribuidor, etc. Siglo Veintiuno,
Fecha de publicación, distribución, etc. 1980.
300 ## - DESCRIPCIÓN FÍSICA
Extensión 268 p. ;
Dimensiones 21 cm.
490 1# - MENCIÓN DE SERIE
Mención de serie Psicología y etología
700 1# - ENTRADA AGREGADA--NOMBRE PERSONAL
Nombre de persona Wagner, Daniel R.
9 (RLIN) 115837
830 00 - PUNTO DE ACCESO ADICIONAL DE SERIE-TÍTULO UNIFORME
Título uniforme Psicología y etología (Siglo XXI)
9 (RLIN) 179901
852 ## - LOCALIZACIÓN
Ubicación ES-MaACL
Número de control de estantería L-9682
Sublocalización o colección R.111909
Holdings
Estatus retirado Estado de pérdida Estado de daño No para préstamo Biblioteca de origen Biblioteca actual Ubicación en estantería Fecha de adquisición Fuente de adquisición Total de préstamos Signatura topográfica completa Código de barras Visto por última vez Precio de reemplazo Tipo de ítem Koha
        Biblioteca del Ateneo de Madrid Biblioteca del Ateneo de Madrid Depósito 2 17/01/2008     L-9682 1043516 23/02/2023 23/02/2023 Libro impreso